| 000 | 01577cam a22003494a 4500 | ||
|---|---|---|---|
| 090 | _c0 | ||
| 001 | 13326344 | ||
| 005 | 20060721223030.0 | ||
| 008 | 030827s2004 njua b 001 0 eng | ||
| 010 | _a 2003019191 | ||
| 020 | _a0471153001 (Cloth) | ||
| 040 |
_aDLC _cDLC _dDLC |
||
| 042 | _apcc | ||
| 050 | 0 | 0 |
_aTK8315 _b.B37 2004 |
| 082 | 0 | 0 |
_a621.367 _222 _bBAR |
| 100 | 1 | _aBarrett, Harrison H. | |
| 245 | 1 | 0 |
_aFoundations of image science / _cHarrison H. Barrett, Kyle J. Myers. |
| 260 |
_aHoboken, NJ : _bWiley-Interscience, _cc2004. |
||
| 300 |
_axli, 1540 p. : _bill. ; _c27 cm. |
||
| 440 | 0 | _aWiley series in pure and applied optics | |
| 500 | _a"A John Wiley & Sons, Inc., Publication." | ||
| 504 | _aIncludes bibliographical references (p. 1473-1522) and index. | ||
| 650 | 0 |
_aImaging systems _xMathematics. |
|
| 700 | 1 | _aMyers, Kyle J. | |
| 856 | 4 | 1 |
_3Table of contents only _uhttp://www.loc.gov/catdir/toc/wiley051/2003019191.html |
| 856 | 4 | 2 |
_3Book review (E-STREAMS) _uhttp://www.e-streams.com/es0704/es0704_3157.html |
| 856 | 4 | 2 |
_3Contributor biographical information _uhttp://www.loc.gov/catdir/enhancements/fy0614/2003019191-b.html |
| 856 | 4 | 2 |
_3Publisher description _uhttp://www.loc.gov/catdir/enhancements/fy0614/2003019191-d.html |
| 942 |
_2ddc _cBB |
||
| 999 |
_c10669 _d10669 |
||